[Event "BCF-chT3N 1920 (4NCL)"]
[Site "England"]
[Date "2019.11.10"]
[Round "2.35"]
[White "Desmedt, Richard E"]
[Black "Ye, Kevin"]
[Result "0-1"]
[WhiteElo "1757"]
[BlackElo "1997"]
[PlyCount "110"]
[EventDate "2019.11.09"]
[EventType "team-swiss"]
[EventRounds "11"]
[EventCountry "ENG"]
[SourceTitle "EXT 2022"]
[Source "ChessBase"]
[SourceDate "2021.10.06"]
[SourceVersion "1"]
[SourceVersionDate "2021.10.06"]
[SourceQuality "1"]
[WhiteTeam "Shropshire II"]
[BlackTeam "3C's II"]
[WhiteTeamCountry "ENG"]
[BlackTeamCountry "ENG"]

1. d4 d5 2. e3 Nf6 3. Bd3 c5 4. c3 Nc6 5. f4 Bg4 6. Nf3 e6 7. 0-0 Qc7 8. Qe1 Bf5 9. Be2 h6 10. Ne5 Ne4 11. Nd2 0-0-0 12. Ndf3 f6 13. Nxc6 bxc6 14. dxc5 Bxc5 15. b4 Bb6 16. Nd4 g5 17. g4 Bxd4 18. cxd4 Bg6 19. f5 exf5 20. gxf5 Bf7 21. Bb2 h5 22. b5 Be8 23. Rc1 g4 24. bxc6 Kb8 25. Qb4+ Ka8 26. Ba6 Nd6 27. Ba3 g3 28. Bb7+ Nxb7 29. cxb7+ Qxb7 30. Qxb7+ Kxb7 31. hxg3 Bb5 32. Rf2 Bc4 33. Be7 Rdg8 34. Bd6 h4 35. Rh2 hxg3 36. Rxh8 Rxh8 37. a3 Rh5 38. Bxg3 Rxf5 39. Bf4 Rh5 40. Kg2 Rh7 41. Rb1+ Kc6 42. Rb8 f5 43. Rc8+ Kb6 44. Be5 Rd7 45. Rc5 Re7 46. Bf4 Bd3 47. Kf2 Be4 48. Ke1 Rg7 49. Kd2 Rg2+ 50. Kc3 Rc2+ 51. Kb4 a5+ 52. Kb3 Rxc5 53. dxc5+ Kxc5 54. Ka4 Kb6 55. Bg5 Bc2# 0-1

[Event "Torquay Paignton Bloodworth op"]
[Site "Torquay"]
[Date "2018.09.02"]
[Round "1"]
[White "Blencowe, Ian P"]
[Black "Desmedt, Richard E"]
[Result "1/2-1/2"]
[WhiteElo "123"]
[BlackElo "144"]
[PlyCount "34"]
[EventDate "2018.09.02"]
[EventType "swiss"]
[EventRounds "7"]
[EventCountry "ENG"]
[SourceTitle "CBM 187 Extra"]
[Source "ChessBase"]
[SourceDate "2018.11.04"]
[SourceVersion "1"]
[SourceVersionDate "2018.11.04"]
[SourceQuality "1"]

1. d4 d5 2. Bf4 e6 3. c3 f5 4. Nf3 Nf6 5. Ne5 Nbd7 6. e3 Bd6 7. Nxd7 Qxd7 8. Bxd6 Qxd6 9. Be2 0-0 10. 0-0 b6 11. Nd2 Bb7 12. Nf3 c5 13. Ne5 cxd4 14. exd4 Rac8 15. Bd3 Nd7 16. Nxd7 Qxd7 17. Qe2 g6 1/2-1/2

[Event "BCF-ch Weekend Under 1825 105th"]
[Site "Hull"]
[Date "2018.07.29"]
[Round "5.14"]
[White "Grice, Alec"]
[Black "Desmedt, Richard E"]
[Result "0-1"]
[WhiteElo "1635"]
[BlackElo "1707"]
[PlyCount "65"]
[EventDate "2018.07.27"]
[EventType "swiss"]
[EventRounds "5"]
[EventCountry "ENG"]
[SourceTitle "EXT 2021"]
[Source "ChessBase"]
[SourceDate "2020.10.23"]
[SourceVersion "1"]
[SourceVersionDate "2020.10.23"]
[SourceQuality "1"]

1. e4 d5 2. exd5 Nf6 3. d4 Nxd5 4. Nf3 g6 5. Bd3 Bg7 6. h3 0-0 7. 0-0 Nc6 8. c3 e5 9. Bg5 f6 10. Bh4 exd4 11. Bc4 Na5 12. Qxd4 Nxc4 13. Qxc4 c6 14. Nbd2 Be6 15. Qb3 Qd7 16. Rfe1 Rfe8 17. Qc2 Bf5 18. Qb3 Be6 19. Nd4 Bf7 20. Qc2 Rad8 21. Ne4 g5 22. Bg3 Bg6 23. f3 f5 24. Nc5 f4 25. Rxe8+ Qxe8 26. Qb3 fxg3 27. Nde6 Rd6 28. Nxg7 Kxg7 29. Kf1 b6 30. c4 bxc5 31. Re1 Re6 32. Rxe6 Qxe6 33. cxd5 0-1

[Event "BCF-ch Weekend Under 1825 105th"]
[Site "Hull"]
[Date "2018.07.28"]
[Round "3.12"]
[White "Durrant, Paul EO"]
[Black "Desmedt, Richard E"]
[Result "0-1"]
[WhiteElo "1548"]
[BlackElo "1707"]
[PlyCount "58"]
[EventDate "2018.07.27"]
[EventType "swiss"]
[EventRounds "5"]
[EventCountry "ENG"]
[SourceTitle "EXT 2021"]
[Source "ChessBase"]
[SourceDate "2020.10.23"]
[SourceVersion "1"]
[SourceVersionDate "2020.10.23"]
[SourceQuality "1"]

1. e4 d5 2. exd5 Nf6 3. d4 Nxd5 4. c4 Nb6 5. Nc3 e5 6. d5 c6 7. Be3 Bb4 8. Qb3 Bxc3+ 9. Qxc3 f6 10. 0-0-0 cxd5 11. cxd5 Na6 12. Kb1 Bf5+ 13. Ka1 0-0 14. Qa5 Rc8 15. Ne2 Rc2 16. Nc3 Rxb2 17. d6 Rc2 18. Qa3 Be6 19. Kb1 Rxc3 20. Qxc3 Nd5 21. Qa3 Qd7 22. Ka1 Rd8 23. Bxa7 Qxd6 24. Qxd6 Rxd6 25. Bc4 Nac7 26. Bb8 Rc6 27. Bxc7 Rxc4 28. Bd6 Rc2 29. a3 Nc3 0-1

[Event "BCF-ch Weekend Under 1825 105th"]
[Site "Hull"]
[Date "2018.07.27"]
[Round "1.15"]
[White "Dicen, Imogen"]
[Black "Desmedt, Richard E"]
[Result "1/2-1/2"]
[WhiteElo "1459"]
[BlackElo "1707"]
[PlyCount "52"]
[EventDate "2018.07.27"]
[EventType "swiss"]
[EventRounds "5"]
[EventCountry "ENG"]
[SourceTitle "EXT 2021"]
[Source "ChessBase"]
[SourceDate "2020.10.23"]
[SourceVersion "1"]
[SourceVersionDate "2020.10.23"]
[SourceQuality "1"]

1. d4 d5 2. c4 e6 3. e3 f5 4. Nf3 Nf6 5. Bd2 c6 6. Be2 Bd6 7. Nc3 Nbd7 8. cxd5 exd5 9. Rc1 0-0 10. 0-0 Ne4 11. Qc2 Qe8 12. Bd3 Qh5 13. h3 Rf6 14. Be2 Nxc3 15. Bxc3 Qf7 16. Ne5 Bxe5 17. dxe5 Rh6 18. f4 Nc5 19. Bd3 Ne4 20. Rf3 Be6 21. a3 Rc8 22. Bxe4 fxe4 23. Rg3 Rg6 24. Qf2 b6 25. Rf1 Rxg3 26. Qxg3 Rf8 1/2-1/2

[Event "Doncaster 4NCL op-B 18th"]
[Site "Doncaster"]
[Date "2018.04.13"]
[Round "1.6"]
[White "Desmedt, Richard E"]
[Black "Pink, Joshua"]
[Result "0-1"]
[WhiteElo "1752"]
[BlackElo "1881"]
[PlyCount "148"]
[EventDate "2018.04.13"]
[EventType "swiss"]
[EventRounds "5"]
[EventCountry "ENG"]
[SourceTitle "EXT 2023"]
[Source "ChessBase"]
[SourceDate "2022.10.05"]
[SourceVersion "1"]
[SourceVersionDate "2022.10.05"]
[SourceQuality "1"]

1. d4 Nf6 2. Nd2 e6 3. e3 b6 4. Ngf3 Bb7 5. Bd3 c5 6. c3 d6 7. 0-0 Nbd7 8. Re1 Be7 9. e4 Qc7 10. Qe2 cxd4 11. cxd4 Rc8 12. Nf1 d5 13. e5 Ne4 14. Ng3 Nxg3 15. hxg3 Nf8 16. Bb5+ Bc6 17. Bd2 Bxb5 18. Qxb5+ Qd7 19. Qa6 Ng6 20. Rac1 0-0 21. a3 Rfe8 22. b4 b5 23. Rxc8 Rxc8 24. Rc1 Rxc1+ 25. Bxc1 Bd8 26. Be3 Bb6 27. Nd2 Ne7 28. Nb3 Qc6 29. Nc5 Bxc5 30. Qxc6 Nxc6 31. bxc5 a5 32. Kf1 f6 33. exf6 gxf6 34. Ke2 Kf7 35. Kd3 e5 36. f4 e4+ 37. Kc3 f5 38. Kd2 Ke6 39. Ke2 h5 40. Kd2 Kd7 41. Kc3 Ne7 42. Kb3 Kc6 43. Bd2 a4+ 44. Kc2 Ng8 45. Kd1 Nf6 46. Ke2 Ng4 47. Bc3 Kb7 48. Be1 Ka6 49. Bc3 Nh6 50. Ke3 Nf7 51. Bb4 Nd8 52. Bc3 Nc6 53. Kd2 Na5 54. Bb4 Nc4+ 55. Ke2 Kb7 56. Kf2 Kc6 57. Ke2 Nb2 58. Ke3 Nd3 59. Bc3 b4 60. axb4 a3 61. Kd2 a2 62. Kc2 Nxb4+ 63. Kb2 Nd3+ 64. Kxa2 e3 65. Kb1 e2 66. Kc2 e1Q 67. Bxe1 Nxe1+ 68. Kd2 Nxg2 69. Ke2 h4 70. gxh4 Nxh4 71. Ke3 Ng6 72. Kf3 Nf8 73. Ke2 Ne6 74. Ke3 Kb5 0-1

[Event "Harrogate 4NCL op-B 17th"]
[Site "Harrogate"]
[Date "2018.01.20"]
[Round "3"]
[White "Desmedt, Richard E"]
[Black "Hall, David G"]
[Result "0-1"]
[WhiteElo "1806"]
[BlackElo "1664"]
[PlyCount "48"]
[EventDate "2018.01.19"]
[EventType "swiss"]
[EventRounds "5"]
[EventCountry "ENG"]
[SourceTitle "CBM 182 Extra"]
[Source "ChessBase"]
[SourceDate "2018.02.23"]
[SourceVersion "1"]
[SourceVersionDate "2018.02.23"]
[SourceQuality "1"]

1. e4 g6 2. d4 Bg7 3. Nc3 c6 4. Be3 d5 5. e5 Nh6 6. Bd3 0-0 7. Nf3 Bg4 8. h3 Bxf3 9. Qxf3 f6 10. exf6 Rxf6 11. Qg3 Nf5 12. Bxf5 Rxf5 13. Ne2 e5 14. Qg4 Nd7 15. Ng3 exd4 16. Bxd4 Qe7+ 17. Kf1 Rg5 18. Qf4 Rf8 19. Qh4 Bxd4 20. Qxd4 Rxg3 21. Re1 Qf6 22. Qd2 Qg5 23. Qxg5 Rxg5 24. h4 Re5 0-1

[Event "West Bromwich Midland op-B"]
[Site "West Bromwich"]
[Date "2017.08.13"]
[Round "4"]
[White "Hibbitt, Arthur M"]
[Black "Desmedt, Richard E"]
[Result "1/2-1/2"]
[WhiteElo "1765"]
[BlackElo "1819"]
[PlyCount "75"]
[EventDate "2017.08.11"]
[EventType "swiss"]
[EventRounds "5"]
[EventCountry "ENG"]
[SourceTitle "CBM 180 Extra"]
[Source "ChessBase"]
[SourceDate "2017.10.06"]
[SourceVersion "1"]
[SourceVersionDate "2017.10.06"]
[SourceQuality "1"]

1. d3 e5 2. g3 d5 3. Bg2 Nc6 4. Nc3 Be6 5. Nf3 f6 6. 0-0 Qd7 7. a3 a5 8. Bd2 Be7 9. e4 d4 10. Ne2 h5 11. Nh4 g5 12. Ng6 Rh6 13. Nxe7 Ngxe7 14. h4 Rg6 15. hxg5 fxg5 16. Qc1 g4 17. Bg5 0-0-0 18. Bh4 Rf8 19. b4 b6 20. c3 dxc3 21. Qxc3 Rg7 22. Rac1 Rd8 23. bxa5 Nxa5 24. Bf6 Rf7 25. Bxe5 Nac6 26. Nf4 Nxe5 27. Nxe6 Nf3+ 28. Kh1 h4 29. Qc4 Rh7 30. Bxf3 hxg3+ 31. Kg2 gxf3+ 32. Kxf3 Qxd3+ 33. Qxd3 Rxd3+ 34. Ke2 Rxa3 35. Rxc7+ Kb8 36. Rd1 Nd5 37. exd5 Rxc7 38. Nxc7 1/2-1/2

[Event "West Bromwich Midland op-B"]
[Site "West Bromwich"]
[Date "2017.08.11"]
[Round "1"]
[White "Desmedt, Richard E"]
[Black "Killarney, Simon A"]
[Result "1-0"]
[WhiteElo "1819"]
[BlackElo "1682"]
[PlyCount "119"]
[EventDate "2017.08.11"]
[EventType "swiss"]
[EventRounds "5"]
[EventCountry "ENG"]
[SourceTitle "CBM 180 Extra"]
[Source "ChessBase"]
[SourceDate "2017.10.06"]
[SourceVersion "1"]
[SourceVersionDate "2017.10.06"]
[SourceQuality "1"]

1. d4 Nf6 2. Nd2 d5 3. e3 e6 4. Bd3 Nbd7 5. f4 c5 6. c3 cxd4 7. exd4 b6 8. Ngf3 Be7 9. 0-0 0-0 10. Ne5 Bb7 11. Qe1 Re8 12. Rf3 Nxe5 13. fxe5 Nd7 14. Rh3 Nf8 15. Nf3 Ng6 16. Bd2 a5 17. Qe2 Qc8 18. Rf1 Ba6 19. Bxa6 Qxa6 20. Qf2 Ra7 21. Ng5 Bxg5 22. Bxg5 Qc4 23. Rf3 Qc7 24. h4 b5 25. h5 Nf8 26. h6 g6 27. Re3 f5 28. exf6 Kf7 29. Bf4 Qc6 30. Be5 Rc8 31. a3 Qc4 32. Rfe1 b4 33. Bd6 bxc3 34. bxc3 Ra6 35. Be7 Qb3 36. Qe2 Qc4 37. Qg4 Re8 38. Bxf8 Kxf8 39. Rxe6 Rexe6 40. Rxe6 Qc8 41. Re4 Qxg4 42. Rxg4 Rxf6 43. Rg5 Rd6 44. Kf2 a4 45. Ke3 Kf7 46. Re5 Kf6 47. Kf4 Rd8 48. g4 Rd7 49. g5+ Kf7 50. Ke3 Rd6 51. Kd3 Rd7 52. c4 dxc4+ 53. Kxc4 Rc7+ 54. Kb4 Rd7 55. d5 Re7 56. Rxe7+ Kxe7 57. Kxa4 Kd6 58. Kb5 Kxd5 59. a4 Kd6 60. Kb6 1-0

[Event "Wakefield 4NCL op-B 13th"]
[Site "Wakefield"]
[Date "2017.04.09"]
[Round "5.11"]
[White "Ter Gevorkian, Aram"]
[Black "Desmedt, Richard E"]
[Result "1-0"]
[WhiteElo "1932"]
[BlackElo "1827"]
[PlyCount "79"]
[EventDate "2017.04.07"]
[EventType "swiss"]
[EventRounds "5"]
[EventCountry "ENG"]
[SourceTitle "EXT 2023"]
[Source "ChessBase"]
[SourceDate "2022.10.05"]
[SourceVersion "1"]
[SourceVersionDate "2022.10.05"]
[SourceQuality "1"]

1. e4 d5 2. exd5 Nf6 3. c4 c6 4. d4 cxd5 5. Nc3 Nc6 6. Nf3 Bg4 7. cxd5 Nxd5 8. Qb3 Bxf3 9. gxf3 Nxc3 10. bxc3 Qc7 11. d5 Na5 12. Qa4+ Kd8 13. Bb2 Rc8 14. c4 Nxc4 15. Bd4 Qa5+ 16. Qxa5+ Nxa5 17. Bxa7 Kd7 18. Bh3+ e6 19. Rd1 Bb4+ 20. Kf1 f5 21. Bd4 Bc3 22. Kg2 Rhf8 23. f4 Bxd4 24. dxe6+ Kxe6 25. Rxd4 Rfd8 26. Re4+ Kf6 27. Re5 Ra8 28. Rxf5+ Kg6 29. Rb1 Rd2 30. Rb6+ Nc6 31. Rxb7 Raxa2 32. Rb6 Rxf2+ 33. Kg3 Rfc2 34. Kg4 h6 35. Rf8 Rc4 36. Bf1 h5+ 37. Kh4 Rc3 38. h3 Rd2 39. Bb5 Rd6 40. Rc8 1-0

[Event "Wakefield 4NCL op-B 13th"]
[Site "Wakefield"]
[Date "2017.04.08"]
[Round "2.4"]
[White "Desmedt, Richard E"]
[Black "Pink, Joshua"]
[Result "1/2-1/2"]
[WhiteElo "1827"]
[BlackElo "1915"]
[PlyCount "96"]
[EventDate "2017.04.07"]
[EventType "swiss"]
[EventRounds "5"]
[EventCountry "ENG"]
[SourceTitle "EXT 2023"]
[Source "ChessBase"]
[SourceDate "2022.10.05"]
[SourceVersion "1"]
[SourceVersionDate "2022.10.05"]
[SourceQuality "1"]

1. e4 c6 2. d4 d5 3. exd5 cxd5 4. f4 Nf6 5. Nf3 Bg4 6. c3 e6 7. Bd3 Nc6 8. 0-0 Bd6 9. Qe1 Bxf3 10. Rxf3 Qc7 11. a4 0-0 12. Na3 a6 13. Qh4 Ne4 14. Rh3 h6 15. Bxe4 dxe4 16. f5 Qe7 17. Qg4 exf5 18. Qxf5 Qe6 19. Qxe6 fxe6 20. Nc4 Bc7 21. Be3 Rad8 22. Rh4 e5 23. Rxe4 exd4 24. Bxd4 Nxd4 25. cxd4 Rf4 26. Rxf4 Bxf4 27. Rd1 b5 28. g3 Bg5 29. axb5 axb5 30. Na3 Rxd4 31. Rxd4 Be3+ 32. Kg2 Bxd4 33. b3 b4 34. Nc2 Bc5 35. Kf3 Kf7 36. Ke4 Kf6 37. h3 Bd6 38. g4 Kg5 39. Nd4 g6 40. Nf3+ Kf6 41. Kd5 Be7 42. h4 h5 43. gxh5 gxh5 44. Ke4 Bd6 45. Ne1 Bg3 46. Nd3 Bxh4 47. Nxb4 Kg5 48. Kf3 Kf5 1/2-1/2

[Event "Wakefield 4NCL op-B 13th"]
[Site "Wakefield"]
[Date "2017.04.07"]
[Round "1.17"]
[White "Pramod Paleri, Adithya P"]
[Black "Desmedt, Richard E"]
[Result "0-1"]
[WhiteElo "1579"]
[BlackElo "1827"]
[PlyCount "132"]
[EventDate "2017.04.07"]
[EventType "swiss"]
[EventRounds "5"]
[EventCountry "ENG"]
[SourceTitle "EXT 2023"]
[Source "ChessBase"]
[SourceDate "2022.10.05"]
[SourceVersion "1"]
[SourceVersionDate "2022.10.05"]
[SourceQuality "1"]

1. d4 d5 2. c4 e6 3. Nf3 f5 4. g3 c6 5. Bg2 Bd6 6. 0-0 Nf6 7. Nc3 0-0 8. Qb3 Nbd7 9. cxd5 exd5 10. Ng5 Qe7 11. Re1 Kh8 12. f3 h6 13. Nh3 Nb6 14. Nf4 Bxf4 15. Bxf4 Nh5 16. Bc1 Be6 17. Qc2 Nf6 18. e4 fxe4 19. fxe4 dxe4 20. Bxe4 Nxe4 21. Qxe4 Rae8 22. Bf4 Qd7 23. Be5 Nc4 24. Qg6 Nxe5 25. dxe5 Qd4+ 26. Kh1 Bd5+ 27. Nxd5 Qxd5+ 28. Qe4 Rxe5 29. Qxd5 Rxe1+ 30. Rxe1 cxd5 31. Kg2 Rf7 32. Re8+ Kh7 33. Rd8 Rc7 34. Rxd5 Rc2+ 35. Kf3 Rxb2 36. Ra5 a6 37. h4 Kg6 38. Ke4 Kf6 39. Kd5 g5 40. h5 g4 41. Ke4 Rf2 42. Ra3 Rf3 43. Rxf3+ gxf3 44. Kxf3 Kg5 45. Ke4 Kxh5 46. Kd5 Kg4 47. Kc5 Kxg3 48. Kb6 h5 49. Kxb7 h4 50. Kxa6 h3 51. Kb6 h2 52. a4 h1Q 53. a5 Qa8 54. a6 Kf4 55. a7 Ke5 56. Ka6 Kd6 57. Kb5 Qxa7 58. Kc4 Qc5+ 59. Kd3 Qb4 60. Ke3 Ke5 61. Kf2 Qa3 62. Ke2 Ke4 63. Kd2 Qd3+ 64. Ke1 Qc2 65. Kf1 Kf3 66. Kg1 Qg2# 0-1

[Event "Leicester Atkins Memorial"]
[Site "Leicester"]
[Date "2014.11.29"]
[Round "2"]
[White "Mason, Donald"]
[Black "Desmedt, Richard E"]
[Result "1/2-1/2"]
[WhiteElo "2143"]
[BlackElo "1838"]
[PlyCount "71"]
[EventDate "2014.11.28"]
[EventType "swiss"]
[EventRounds "5"]
[EventCountry "ENG"]
[SourceTitle "EXT 2023"]
[Source "ChessBase"]
[SourceDate "2022.10.05"]
[SourceVersion "1"]
[SourceVersionDate "2022.10.05"]
[SourceQuality "1"]

1. d4 d5 2. c4 e6 3. Nc3 f5 4. Bf4 c6 5. e3 Nf6 6. h3 Bd6 7. Bxd6 Qxd6 8. Nf3 Nbd7 9. Qc2 Ne4 10. Be2 0-0 11. Rf1 b6 12. 0-0-0 Bb7 13. Kb1 Rac8 14. Ka1 Ndf6 15. Nxe4 fxe4 16. Ne5 c5 17. f4 exf3 18. Bxf3 cxd4 19. exd4 Nd7 20. Qe2 Nxe5 21. dxe5 Qc5 22. Bg4 Qe7 23. cxd5 Bxd5 24. Rxd5 exd5 25. Bxc8 Rxc8 26. e6 Rc6 27. Re1 Qc7 28. Kb1 Qe7 29. Qe5 Rd6 30. Ka1 Kf8 31. Qf5+ Kg8 32. Rc1 Rd8 33. Qe5 Qf6 34. e7 Re8 35. Qxd5+ Qf7 36. Qxf7+ 1/2-1/2

[Event "Leicester Atkins Memorial"]
[Site "Leicester"]
[Date "2014.11.28"]
[Round "1"]
[White "Desmedt, Richard E"]
[Black "Baxter, Harold"]
[Result "1-0"]
[WhiteElo "1838"]
[BlackElo "2020"]
[PlyCount "65"]
[EventDate "2014.11.28"]
[EventType "swiss"]
[EventRounds "5"]
[EventCountry "ENG"]
[SourceTitle "EXT 2023"]
[Source "ChessBase"]
[SourceDate "2022.10.05"]
[SourceVersion "1"]
[SourceVersionDate "2022.10.05"]
[SourceQuality "1"]

1. e4 c5 2. d4 cxd4 3. c3 d3 4. Bxd3 Nc6 5. Nf3 Qc7 6. c4 Nf6 7. Nc3 e6 8. 0-0 a6 9. Re1 Be7 10. Bg5 0-0 11. e5 Ne8 12. Bxe7 Nxe7 13. Bxh7+ Kh8 14. Bd3 g6 15. h4 Kg7 16. h5 Rh8 17. hxg6 Nxg6 18. Bxg6 fxg6 19. Qd4 Qd8 20. Rad1 b5 21. c5 Nc7 22. c6 Nd5 23. Nxd5 exd5 24. e6+ Qf6 25. Qxf6+ Kxf6 26. exd7 Bxd7 27. cxd7 Ra7 28. Rxd5 Rd8 29. Red1 b4 30. Ne5 Rc7 31. f4 Rc2 32. Rd6+ Kg7 33. Nc6 1-0

[Event "High Wycombe e2e4 op U2050"]
[Site "High Wycombe"]
[Date "2013.10.11"]
[Round "1"]
[White "Simpson, Derek"]
[Black "Desmedt, Richard E"]
[Result "0-1"]
[WhiteElo "1586"]
[BlackElo "1837"]
[PlyCount "66"]
[EventDate "2013.10.11"]
[EventType "swiss"]
[EventRounds "5"]
[EventCountry "ENG"]
[SourceTitle "EXT 2015"]
[Source "ChessBase"]
[SourceDate "2014.11.20"]
[SourceVersion "1"]
[SourceVersionDate "2014.11.20"]
[SourceQuality "1"]

1. d4 d5 2. Nf3 e6 3. c4 f5 4. Bf4 Nf6 5. e3 c6 6. cxd5 exd5 7. Bd3 Bd6 8. Bxd6 Qxd6 9. Qc2 Ne4 10. 0-0 0-0 11. Nbd2 Nd7 12. Rfe1 Rf6 13. Nf1 Rh6 14. Ng3 Qf6 15. Bxe4 fxe4 16. Nd2 Qh4 17. Ndf1 Nf6 18. f3 exf3 19. gxf3 Bh3 20. Kh1 Rf8 21. e4 dxe4 22. Nxe4 Rg6 23. Nfg3 Nh5 24. Qf2 Nxg3+ 25. Nxg3 Rgf6 26. Ne4 Qxf2 27. Nxf2 Bc8 28. Re2 Rxf3 29. Kg1 R3f4 30. Ne4 Be6 31. Nc3 Bh3 32. Ree1 Rg4+ 33. Kh1 Bg2+ 0-1

[Event "British-ch 5-day op AM Week 1"]
[Site "Torquay"]
[Date "2013.08.02"]
[Round "5.10"]
[White "Holt, David N"]
[Black "Desmedt, Richard E"]
[Result "1/2-1/2"]
[WhiteElo "1738"]
[BlackElo "1853"]
[PlyCount "38"]
[EventDate "2013.07.29"]
[EventType "swiss"]
[EventRounds "5"]
[EventCountry "ENG"]
[SourceTitle "EXT 2023"]
[Source "ChessBase"]
[SourceDate "2022.10.05"]
[SourceVersion "1"]
[SourceVersionDate "2022.10.05"]
[SourceQuality "1"]

1. e4 d5 2. exd5 Nf6 3. d4 Nxd5 4. c4 Nb6 5. Nf3 g6 6. b3 Bg7 7. Bb2 c5 8. Qd2 cxd4 9. Bxd4 Bxd4 10. Qxd4 Qxd4 11. Nxd4 Bd7 12. Nc3 Nc6 13. Nxc6 Bxc6 14. f3 0-0-0 15. Be2 Rd4 16. Kf2 Rhd8 17. Rad1 Rxd1 18. Rxd1 Rxd1 19. Bxd1 Kc7 1/2-1/2

[Event "Buxton e2e4 op-B 03"]
[Site "Buxton"]
[Date "2013.03.17"]
[Round "5"]
[White "Desmedt, Richard E"]
[Black "Paul, Nathanael"]
[Result "1-0"]
[WhiteElo "1926"]
[BlackElo "1825"]
[PlyCount "79"]
[EventDate "2013.03.15"]
[EventType "swiss"]
[EventRounds "5"]
[EventCountry "ENG"]
[SourceTitle "EXT 2015"]
[Source "ChessBase"]
[SourceDate "2014.11.20"]
[SourceVersion "1"]
[SourceVersionDate "2014.11.20"]
[SourceQuality "1"]

1. e4 c6 2. d4 d5 3. exd5 cxd5 4. f4 Bf5 5. Nf3 e6 6. Bd3 Bxd3 7. Qxd3 Qa5+ 8. c3 Qa6 9. Qe3 Nd7 10. Nbd2 Ne7 11. Ne5 Nf6 12. g4 h5 13. g5 Nf5 14. Qe2 Qxe2+ 15. Kxe2 Nd7 16. Ndf3 Nxe5 17. fxe5 g6 18. b3 Be7 19. Bb2 b5 20. Rhc1 Rc8 21. a4 b4 22. cxb4 Kd7 23. b5 Rxc1 24. Rxc1 Rc8 25. Rxc8 Kxc8 26. Bc3 Ba3 27. a5 Kc7 28. Kd3 Bc1 29. Bb4 Be3 30. Bc5 Kb8 31. a6 Bf2 32. b6 axb6 33. Bxb6 Nh4 34. Ke2 Nxf3 35. Kxf3 Be1 36. Bc5 Bd2 37. b4 Bxg5 38. b5 Bd8 39. b6 g5 40. Bd6+ 1-0

[Event "High Wycombe e2e4 U2000 op 03"]
[Site "High Wycombe"]
[Date "2013.03.10"]
[Round "4"]
[White "Desmedt, Richard E"]
[Black "Kane, Robert"]
[Result "1-0"]
[WhiteElo "1926"]
[BlackElo "1843"]
[PlyCount "111"]
[EventDate "2013.03.08"]
[EventType "swiss"]
[EventRounds "5"]
[EventCountry "ENG"]
[SourceTitle "EXT 2015"]
[Source "ChessBase"]
[SourceDate "2014.11.20"]
[SourceVersion "1"]
[SourceVersionDate "2014.11.20"]
[SourceQuality "1"]

1. d4 c5 2. e4 cxd4 3. Nf3 Nc6 4. c3 d3 5. Bxd3 g6 6. 0-0 Bg7 7. c4 d6 8. Nc3 Bg4 9. Be2 Nf6 10. h3 Bxf3 11. Bxf3 0-0 12. Be3 Nd7 13. Qd2 Nce5 14. Be2 Rc8 15. b3 a6 16. Rad1 Nc6 17. f4 Qa5 18. Nd5 Qxd2 19. Rxd2 Nc5 20. Bf3 f5 21. exf5 gxf5 22. b4 Ne4 23. Bxe4 fxe4 24. b5 axb5 25. cxb5 Kf7 26. bxc6 bxc6 27. Nb6 Rc7 28. Nc4 Ke6 29. Bd4 Bxd4+ 30. Rxd4 d5 31. Ne3 Rxf4 32. Rxf4 Ke5 33. Rdxe4+ dxe4 34. Rf7 c5 35. a4 c4 36. a5 Kd4 37. Kf2 Ra7 38. Rf5 e5 39. Nxc4 Kxc4 40. Rxe5 Kd4 41. Rb5 Rc7 42. Rb2 Kc3 43. Ra2 Ra7 44. a6 Kd3 45. g4 e3+ 46. Ke1 Ke4 47. Ke2 Kf4 48. Ra3 h5 49. gxh5 Kg5 50. Ra5+ Kh6 51. Kxe3 Kg7 52. Kd4 Kh6 53. h4 Ra8 54. a7 Rd8+ 55. Kc5 Kxh5 56. a8Q 1-0

[Event "Chester e2e4 op-B"]
[Site "Chester"]
[Date "2013.01.20"]
[Round "4"]
[White "Fanning, Stephen"]
[Black "Desmedt, Richard E"]
[Result "0-1"]
[WhiteElo "1830"]
[BlackElo "1934"]
[PlyCount "42"]
[EventDate "2013.01.18"]
[EventType "swiss"]
[EventRounds "7"]
[EventCountry "ENG"]
[SourceTitle "EXT 2015"]
[Source "ChessBase"]
[SourceDate "2014.11.20"]
[SourceVersion "1"]
[SourceVersionDate "2014.11.20"]
[SourceQuality "1"]

1. d4 d5 2. Nf3 e6 3. c4 f5 4. g3 c6 5. cxd5 exd5 6. Bf4 Nf6 7. Nbd2 Bd6 8. Bxd6 Qxd6 9. Qc2 0-0 10. Ne5 Ne4 11. Bg2 Nd7 12. Nxd7 Bxd7 13. Nf3 f4 14. Ne5 fxg3 15. fxg3 Qb4+ 16. Kd1 Qxd4+ 17. Nd3 Nf2+ 18. Kd2 Nxh1 19. Rxh1 Rae8 20. Re1 Bf5 21. Bf3 Bxd3 0-1

[Event "Chester e2e4 op-B"]
[Site "Chester"]
[Date "2013.01.19"]
[Round "2"]
[White "Camp, Syringa Lyn"]
[Black "Desmedt, Richard E"]
[Result "0-1"]
[WhiteElo "1718"]
[BlackElo "1934"]
[PlyCount "74"]
[EventDate "2013.01.18"]
[EventType "swiss"]
[EventRounds "7"]
[EventCountry "ENG"]
[SourceTitle "EXT 2015"]
[Source "ChessBase"]
[SourceDate "2014.11.20"]
[SourceVersion "1"]
[SourceVersionDate "2014.11.20"]
[SourceQuality "1"]

1. e4 d5 2. exd5 Nf6 3. d4 Nxd5 4. c4 Nb6 5. Nf3 g6 6. Be3 Bg7 7. c5 Nd5 8. Bc4 Nxe3 9. fxe3 0-0 10. 0-0 Nc6 11. a3 Bg4 12. h3 Bxf3 13. Qxf3 e6 14. Kh1 Nxd4 15. Qf2 Nc6 16. Ra2 Na5 17. Bb5 c6 18. Ba4 b5 19. cxb6 axb6 20. b4 b5 21. Bd1 Nc4 22. Bb3 Ne5 23. Nd2 Qe7 24. Ne4 Rfd8 25. Rd1 Rxd1+ 26. Bxd1 Nc4 27. a4 Qxb4 28. Ng5 Qe7 29. axb5 Rxa2 30. Qxa2 cxb5 31. Qa8+ Bf8 32. Ne4 Nxe3 33. Bf3 b4 34. Qb8 Nf5 35. Nf2 Nd4 36. Be4 b3 37. Nd1 Qh4 0-1

[Event "Beacon Seniors op"]
[Site "Exmouth"]
[Date "2006.11.15"]
[Round "3"]
[White "Page, Martin C"]
[Black "Desmedt, Richard E"]
[Result "1/2-1/2"]
[WhiteElo "1728"]
[BlackElo "1568"]
[PlyCount "54"]
[EventDate "2006.11.13"]
[EventType "swiss"]
[EventRounds "5"]
[EventCountry "ENG"]
[SourceTitle "EXT 2008"]
[Source "ChessBase"]
[SourceDate "2007.11.25"]
[SourceVersion "1"]
[SourceVersionDate "2007.11.25"]
[SourceQuality "1"]

1. d4 d5 2. c4 e6 3. Nc3 f5 4. Nf3 Nf6 5. Bf4 c6 6. e3 Bd6 7. Ne5 0-0 8. Be2 Qc7 9. c5 Bxe5 10. Bxe5 Qf7 11. 0-0 Nbd7 12. Bd6 Re8 13. f4 Ne4 14. Nxe4 dxe4 15. b4 Nf6 16. Qb3 Nd5 17. a4 Bd7 18. b5 Rec8 19. Rfe1 h6 20. a5 cxb5 21. Bxb5 Bc6 22. Ra3 Qd7 23. Bxc6 Qxc6 24. Be5 b5 25. a6 b4 26. Ra4 Rf8 27. Kf2 Rf7 1/2-1/2